00799nam a22002417a 4500999001300000001000400013003000900017005001700026008004100043020001500084040002800099082001600127100002400143245006100167250001200228260003700240300004600277504005100323650002000374700002200394942001200416952012900428 c923d923295BD-DhUAP20200129104031.0200129s1994 nyua b 001 0 eng d a0070178445 aDLCcDLCdBD-DhUAPbEng00223a339 DOR1 aDornbusch, Rudiger.10aMacroeconomics /cRudiger Dornbusch and Stanley Fischer. a6th ed. aNew York :bMcGraw-Hill,cc1994. axxi, 635 pages :billustrations ;c25 cm. aIncludes bibliographical references and index. 0aMacroeconomics.1 aFischer, Stanley. 2ddccBK 00102ddc4070aUAPCLbUAPCLcGeneral Stacksd2020-01-29l2o339 DORp3010000295r2025-11-09s2025-11-03t1w2020-01-29yBK